000 00557nam a2200217Ia 4500
003 OSt
005 20221007082844.0
006 a|||||r|||| 00| 0
007 ta
008 221006b |||||||| |||| 00| 0 eng d
024 _a30,343
037 _cDissertations
040 _aFLL
_cFLL
_beng
041 _2eng
_aeng
100 _aMuivah Alek
_9699652
245 0 _aConstitutional ans statutory protection to civil servant in India
260 _c2008
300 _axi,102p
_ccm.
942 _cDIS
_2CC
999 _c1167970
_d1167970